Joint Ventures Legal and Business Perspectives /

Bibliographic Details
Main Author: Reiter, Barry J.
Other Authors: Shishler, Melanie A.
Format: eBook
Language:English
Published: Toronto: Irwin Law Inc., 1999
Subjects:
Online Access:Acceso restringido

MARC

LEADER 00000nam a22000007a 4500
005 20210831214216.0
007 cr|||| ||||
008 210831s1999 ca |||||s|||| 00||0 eng d
020 |a 9781459313675 
035 |a 35314 
040 |a vLex 
090 |c 12180  |d 12180 
100 1 |a Reiter, Barry J. 
245 1 0 |a Joint Ventures  |h [Recurso electrn̤ico] :  |b Legal and Business Perspectives /  |c Barry J. Reiter, Melanie A. Shishler 
256 |a Servicio en ln̕ea 
260 |a Toronto:  |b Irwin Law Inc.,  |c 1999 
300 |a 1 recurso electrn̤ico 
500 |a Increased rates of technological change and globalization are leading more and more firms to consider joint venture strategies. From a legal perspective however, little if anything has been written on these collaborative business relationships. Now, two of Canada’s leading practitioners in the field have prepared the first comprehensive legal treatment of joint ventures, drawing together applicable case law and statutory provisions, and providing specific examples of joint venture relationships drawn from real experience. If you are looking for a sophisticated understanding of the nature of joint venture relationships, or a practical guide to structuring joint ventures, this book will provide the answers. 
506 1 |a Disponible solo en los productos indicados  |d vLex Global  |d vLex Global (Academic Edition, excluding Law Schools)  |d vLex Global (U.S. Academic Edition, Law Schools)  |d vLex Global (U.S. Academic Edition, excluding Law Schools)  |d vLex Global (Academic Edition, Law Schools) 
650 0 4 |a Derecho Mercantil y de la Empresa  |z Canad̀ 
700 1 |a Shishler, Melanie A. 
740 0 |a vLex Libros (Servicio en ln̕ea) 
856 4 0 |u https://app.vlex.com/#/sources/35314  |z Acceso restringido 
942 |c BOOK 
999 0 |a Commercial and Company Law